000 00416nam a2200145 a 4500
005 20140310183229.0
008 041203s19uu xx 00 eng d
050 _aAY 67.N5
_b.W7 2002
245 _aThe world almanac and book of facts 2002 /
260 _aNew York :
_bPress Pub. Co. (The New York World),
_c2002.
300 _a1008 p. :
_bill. ;
_c21 cm.
650 _aAlmanac.
942 _cBK
_2lcc
999 _c20458
_d20458